Detalles MARC
| 000 -LIDER |
| fixed length control field |
00961nam a2200253 a 4500 |
| 001 - NÚMERO DE CONTROL |
| Identificador de número de control |
|
| 003 - IDENTIFICACDOR DE NÚMERO DE CONTROL |
| control field |
DO-SdBNP |
| 005 - DATE AND TIME OF LATEST TRANSACTION |
| control field |
20220131080050.0 |
| 008 - ELEMENTOS DE LONGITUD FIJA |
| fixed length control field |
190125s2016 dr a r 000 0 spa d |
| 020 ## - ISBN |
| International Standard Book Number |
9789945894622 |
| 040 ## - FUENTE DE CATALOGACIÓN |
| Agencia que crea de manera original el registro |
DO-SdBNP |
| Idioma de catalogación |
spa |
| Agencia que realiza la transcripción |
BPMSU |
| 082 ## - NÚMERO DE CLASIFICACIÓN DECIMAL DE DEWEY |
| Classification number |
923.7 |
| Item number |
H831m 2016 |
| Edition number |
22 |
| 245 00 - MENCIÓN DE TITULO |
| Título |
Eugenio María de Hostos miembro AD-Honorem de la Aademía de Ciencias de la República Dominicana / |
| Mención de responsabilidad |
editores José Guerrero, Milcíades Mejía ; coordinadora Mariela Ramírez. |
| 260 ## - PUBLICACIÓN, DISTRIBUCIÓN, ETC. (PIE DE IMPRENTA) |
| Lugar de publicación, distribución, etc |
Santo Domingo : |
| Nombre del editor, distribuidor, etc. |
Academia de Ciencias de la República Dominicana, |
| Fecha de publicación, distribución, etc |
2016. |
| 300 ## - DESCRIPCIÓN FÍSICA |
| Extensión |
126 p. : |
| Otros detalles físicos |
il. ; |
| Dimensiones |
23 cm. |
| 590 ## - NOTA LOCAL |
| Texto de la nota local |
Inventariado, 2022/VM |
| 600 14 - ENCABEZAMIENTO DE MATERIA--NOMBRE PERSONAL |
| Nombre personal |
Hostos, Eugenio María de |
| Fechas asociadas con el nombre |
,1839-1903 |
| Subdivisión temática general |
Pensamiento filosófico |
| 700 1# - ASIENTO SECUNDARIO -- NOMBRE PERSONAL |
| Nombre personal |
Guerrero, José, |
| Mención de responsabilidad |
ed. |
| 700 1# - ASIENTO SECUNDARIO -- NOMBRE PERSONAL |
| Nombre personal |
Mejía, Milcíades, |
| Mención de responsabilidad |
ed. |
| 700 1# - ASIENTO SECUNDARIO -- NOMBRE PERSONAL |
| Nombre personal |
Ramírez, Mariela, |
| Mención de responsabilidad |
coord. |
| 710 2# - ASIENTO SECUNDARIO -- NOMBRE CORPORATIVO |
| Nombre corporativo o de jurisdicción |
Academía de Ciencias de la República Dominicana |
| 910 ## - VALIDACIÓN |
| Validación |
VMateo V. |
| 942 ## - ADDED ENTRY ELEMENTS (KOHA) |
| Source of classification or shelving scheme |
Dewey Decimal Classification |
| Koha item type |
Libros |